El corazón: (Registro nro. 56874)
[ vista simple ]
| 000 -CABECERA | |
|---|---|
| Longitud fija campo de control | 01248nam a22003375a 4500 |
| 003 - IDENTIFICADOR DEL NUMERO DE CONTROL | |
| Identificador del número de control | CO-BoRNBP |
| 005 - FECHA Y HORA DE LA ULTIMA TRANSACCION | |
| Fecha y hora de la última transacción | 20250207154320.0 |
| 007 - CAMPO FIJO DE DESCRIPCION FISICA | |
| Campo fijo de descripción física | ta |
| 008 - CODIGOS DE INFORMACION DE LONGITUD FIJA | |
| Códigos de información de longitud fija | 220209s2023 ck a ar 000 jdspa d |
| 020 ## - NUMERO INTERNACIONAL NORMALIZADO PARA LIBROS | |
| Número Internacional Normalizado para Libros (ISBN) | 9786289602913 |
| 040 ## - FUENTE DE LA CATALOGACION | |
| Centro catalogador de origen | CO-BoBLA |
| Lengua de catalogación | spa |
| Centro transcriptor | CO-BoBLA |
| Normas de descripción | rda |
| 041 1# - CODIGO DE LENGUA | |
| Código de lengua del texto/banda sonora o título independiente | spa |
| Código de lengua original | eng |
| 082 04 - NUMERO DE LA CLASIFICACION DECIMAL DEWEY | |
| Número de clasificación (R) | 573.17 S46c |
| 100 1# - PUNTO DE ACCESO PRINCIPAL-NOMBRE DE PERSONA | |
| Nombre de persona | Sjoberg, Lena. |
| Fechas asociadas al nombre | 1970 - |
| Término indicativo de función | autora |
| 245 13 - TITULO PROPIAMENTE DICHO | |
| Título | El corazón: |
| Resto del título | datos que laten / |
| Mención de responsabilidad, etc. | Lena Sjöberg ; traducción Maja Bentzer. |
| 250 ## - MENCION DE EDICION | |
| Mención de edición | Edición especial |
| 264 #4 - PRODUCCION, PUBLICACION , DISTRIBUCION, FABRICACION Y COPYRIGHT | |
| Lugar de producción, publicación, distribución, fabricación | Bogotá, Colombia |
| Nombre del productor, editor, distribuidor, fabricante | Lobolunar, |
| Fecha de de producción, publicación, distribución, fabricación o copyright | 2023 |
| 300 ## - DESCRIPCION FISICA | |
| Extensión | 48 páginas : |
| Otras características físicas | ilustraciones a color ; |
| Dimensiones | 26 cm. |
| 336 ## - TIPO DE CONTENIDO | |
| Término de tipo de contenido | texto |
| Código de tipo de contenido | txt [ |
| Fuente | rdacontent] |
| 337 ## - TIPO DE MEDIO | |
| Nombre del tipo de medio | sin mediación |
| Código del tipo de medio | n [ |
| Fuente | rdamedia] |
| 338 ## - TIPO DE SOPORTE | |
| Nombre del tipo de soporte | volumen |
| Código del tipo de soporte | nc [ |
| Fuente | rdacarrier] |
| 490 ## - MENCION DE SERIE | |
| Mención de serie | Plan Nacional de Lectura, Escritura y Oralidad/ |
| Designación de volumen o secuencia | Ministerio de Cultura |
| 521 ## - NOTA DE PUBLICO DESTINATARIO | |
| Nota público destinatario (R ) | Recomendado par un público infantil a partir de los 6 años |
| 534 ## - Nota De Versión Original | |
| Título | Slaende fakta omhjärtat. |
| 650 #7 - PUNTO DE ACCESO ADICIONAL DE MATERIA - TERMINO DE MATERIA | |
| Fuente del encabezamiento | ARMARC |
| Término de materia o nombre geográfico como elemento inicial | Anatomía animal |
| Subdivisión de forma | Literatura infantil |
| 650 #7 - PUNTO DE ACCESO ADICIONAL DE MATERIA - TERMINO DE MATERIA | |
| Fuente del encabezamiento | ARMARC |
| Término de materia o nombre geográfico como elemento inicial | Corazón |
| Subdivisión de forma | Literatura infantil |
| 650 #7 - PUNTO DE ACCESO ADICIONAL DE MATERIA - TERMINO DE MATERIA | |
| Fuente del encabezamiento | ARMARC |
| Término de materia o nombre geográfico como elemento inicial | Sistema cardiovascular |
| Subdivisión de forma | Literatura infantil |
| 700 1# - PUNTO DE ACCESO ADICIONAL - NOMBRE DE PERSONA | |
| Nombre de persona | Bentzer, Maja, |
| Término indicativo de función | traductora |
| 942 ## - ENTRADA DE ELEMENTOS AGREGADOS (KOHA) | |
| Fuente de clasificaión o esquema | Dewey Decimal Classification |
| Koha [por defecto] tipo de item | Libro Infantil |
| 949 ## - TRATAMIENTO DE LA INFORMACION LOCAL (OCLC) | |
| a | n |
| b | n |
| Perdido | Fuente de clasificación o esquema | Estado Físico | No para préstamo | Forma de adquisición | Localización permanente | Localización actual | Localización en estanterías | Fecha adquisición | Préstamos totales | Signatura completa | Código de barras | Fecha última consulta | Número de copia | Fecha del precio de reemplazo | Tipo de item de Koha |
|---|---|---|---|---|---|---|---|---|---|---|---|---|---|---|---|
| Dewey Decimal Classification | Infantil | Biblioteca Pública José Eustasio Rivera - San Martin | Biblioteca Pública José Eustasio Rivera - San Martin | Sala Infantil | 09/17/2025 | 573.17 S46c | SM04102 | 09/17/2025 | Ej.1 | 09/17/2025 | Libro Infantil | ||||
| Dewey Decimal Classification | Colección General | Biblioteca Pública Puerto Lleras | Biblioteca Pública Puerto Lleras | General | 08/15/2025 | 573.17 S46c | PLL00365 | 08/15/2025 | Ej.1 | 08/15/2025 | Libro Infantil | ||||
| Dewey Decimal Classification | Infantil | Biblioteca Pública San Carlos de Guaroa - Eduardo Carranza | Biblioteca Pública San Carlos de Guaroa - Eduardo Carranza | Sala Infantil | 08/19/2025 | 573.17 S46c | SG04035 | 08/19/2025 | Ej.1 | 08/19/2025 | Libro Infantil | ||||
| Dewey Decimal Classification | Infantil | Biblioteca Pública El Castillo - Alfonso Meneses | Biblioteca Pública El Castillo - Alfonso Meneses | Sala Infantil | 09/17/2025 | 573.17 S46c | EC01506 | 09/17/2025 | Ej.1 | 09/17/2025 | Libro Infantil | ||||
| Dewey Decimal Classification | Infantil | Biblioteca Pública Guamal | Biblioteca Pública Guamal | Sala Infantil | 02/04/2025 | 573.17 S46c | GUA004728 | 02/07/2025 | Ej.1 | 02/07/2025 | Libro Infantil | ||||
| Dewey Decimal Classification | Colección General | Biblioteca Pública La Macarena | Biblioteca Pública La Macarena | General | 08/15/2025 | 573.17 S46c | LM03021 | 08/15/2025 | Ej.1 | 08/15/2025 | Libro Infantil | ||||
| Dewey Decimal Classification | Infantil | Biblioteca Pública Mapiripan | Biblioteca Pública Mapiripan | Sala Infantil | 08/19/2025 | 573.17 S46c | MAP00004288 | 08/19/2025 | Ej.1 | 08/19/2025 | Libro Infantil | ||||
| Clasificación Local Facetada | Infantil | Biblioteca Pública San Juanito - Ernesto Maria Peña Romero | Biblioteca Pública San Juanito - Ernesto Maria Peña Romero | Sala Infantil | 08/22/2025 | 573.17 S46c | SJU01669 | 08/22/2025 | Ej.1 | 08/22/2025 | Libro Infantil |